[Event "COL-ch"]
[Site "Ibague"]
[Date "2013.07.07"]
[Round "11"]
[White "Lopez Hernandez, Carlos Manuel"]
[Black "Mucoz, Jhon Edison"]
[Result "1-0"]
[WhiteElo "2320"]
[BlackElo "2214"]
[PlyCount "106"]
[EventDate "2013.07.01"]
[EventType "swiss"]
[EventRounds "11"]
[EventCountry "COL"]
[SourceTitle "EXT 2014"]
[Source "ChessBase"]
[SourceDate "2013.11.20"]
[SourceVersion "1"]
[SourceVersionDate "2013.11.20"]
[SourceQuality "1"]

1. Nf3 d5 2. d4 Nf6 3. c4 c6 4. e3 a6 5. Bd3 Bg4 6. Nbd2 b5 7. b3 g6 8. Qc2 Bg7 9. 0-0 0-0 10. Bb2 Re8 11. Ne5 Bc8 12. f4 e6 13. e4 bxc4 14. bxc4 Ra7 15. Rad1 Rb7 16. Kh1 Nfd7 17. Nb3 f6 18. Nf3 a5 19. Bc3 Ra7 20. Rfe1 a4 21. Nbd2 Nf8 22. Rb1 Bd7 23. c5 Qc7 24. e5 fxe5 25. Nxe5 Bc8 26. Rxb8 Bxe5 27. Rxc8 Rxc8 28. dxe5 Qf7 29. Rf1 Nd7 30. Bd4 Rca8 31. g4 Nf8 32. f5 Qg7 33. Nf3 Qh6 34. g5 Qh3 35. f6 Rb8 36. Qf2 Kf7 37. Rg1 Rab7 38. Rg3 Rb1+ 39. Bxb1 Rxb1+ 40. Ng1 Qh4 41. Qc2 Re1 42. Bf2 Ra1 43. Kg2 Qb4 44. Qe2 Qb8 45. Qa6 Nd7 46. Qxc6 Nxe5 47. Qxa4 Rb1 48. Rb3 Rxb3 49. Qxb3 Qa8 50. Qb6 d4+ 51. Kf1 Qa4 52. Qc7+ Nd7 53. Nf3 Ke8 1-0

[Event "COL-ch"]
[Site "Ibague"]
[Date "2013.07.02"]
[Round "2"]
[White "Mucoz, Jhon Edison"]
[Black "Tirado, Juan Camilo"]
[Result "1-0"]
[WhiteElo "2214"]
[BlackElo "2001"]
[PlyCount "39"]
[EventDate "2013.07.01"]
[EventType "swiss"]
[EventRounds "11"]
[EventCountry "COL"]
[SourceTitle "EXT 2014"]
[Source "ChessBase"]
[SourceDate "2013.11.20"]
[SourceVersion "1"]
[SourceVersionDate "2013.11.20"]
[SourceQuality "1"]

1. d4 Nf6 2. c4 e6 3. Nc3 d5 4. Bg5 Nbd7 5. e3 Be7 6. Qc2 0-0 7. cxd5 exd5 8. Bd3 c5 9. Nge2 h6 10. Bh4 c4 11. Bf5 Qa5 12. 0-0 Rd8 13. Qd1 b5 14. a3 Nb6 15. Bc2 b4 16. axb4 Qxb4 17. Bg3 Bd7 18. f3 Qxb2 19. Qd2 Bf5 20. Ra2 1-0

[Event "Cali op"]
[Site "Cali"]
[Date "2008.12.28"]
[Round "5"]
[White "Sanchez, Victor Hugo"]
[Black "Mucoz, Jhon Edison"]
[Result "0-1"]
[WhiteElo "2170"]
[BlackElo "2186"]
[PlyCount "94"]
[EventDate "2008.12.26"]
[EventType "swiss"]
[EventRounds "9"]
[EventCountry "COL"]
[SourceTitle "CBM 128 Extra"]
[Source "ChessBase"]
[SourceDate "2009.03.05"]
[SourceVersion "2"]
[SourceVersionDate "2009.03.25"]
[SourceQuality "1"]

1. e4 c5 2. Nf3 d6 3. d4 Nf6 4. Nc3 cxd4 5. Nxd4 a6 6. Be3 Ng4 7. Bc1 Nf6 8. Be3 e5 9. Nb3 Be7 10. Qd2 Be6 11. 0-0-0 Nbd7 12. f4 Rc8 13. f5 Bc4 14. Kb1 b5 15. g4 Nxg4 16. Rg1 Nxe3 17. Qxe3 g6 18. Qh6 Bf8 19. Qh3 gxf5 20. Qxf5 Be6 21. Qh5 Nf6 22. Qf3 h5 23. Bh3 Bg4 24. Bxg4 hxg4 25. Qe2 Rc4 26. Nd5 Nxd5 27. Rxd5 Qh4 28. Nd2 Rc6 29. Nf1 Rg8 30. a4 bxa4 31. Ng3 Qd8 32. Nf5 a3 33. Rg3 axb2 34. Rb3 Rh8 35. Kxb2 Rh3 36. Ne3 Bh6 37. Nc4 Qc7 38. Qxg4 Rxc4 39. Qxh3 Rxc2+ 40. Ka1 Rc1+ 41. Rb1 Rxb1+ 42. Kxb1 Qc1+ 43. Ka2 Qc2+ 44. Ka1 Bc1 45. Qh8+ Ke7 46. Qb8 Qa4+ 47. Kb1 Qxe4+ 0-1

[Event "Cali op"]
[Site "Cali"]
[Date "2008.12.27"]
[Round "4"]
[White "Mucoz, Jhon Edison"]
[Black "Castro Rojas, Oscar Humberto"]
[Result "0-1"]
[WhiteElo "2186"]
[BlackElo "2395"]
[PlyCount "92"]
[EventDate "2008.12.26"]
[EventType "swiss"]
[EventRounds "9"]
[EventCountry "COL"]
[SourceTitle "CBM 128 Extra"]
[Source "ChessBase"]
[SourceDate "2009.03.05"]
[SourceVersion "2"]
[SourceVersionDate "2009.03.25"]
[SourceQuality "1"]

1. d4 f5 2. g3 Nf6 3. Bg2 e6 4. Nh3 c5 5. c4 cxd4 6. Qxd4 Nc6 7. Qd1 Bc5 8. 0-0 d6 9. Nc3 0-0 10. Nf4 e5 11. Nfd5 Nxd5 12. Nxd5 f4 13. gxf4 Qh4 14. b4 Bd4 15. Rb1 exf4 16. Bxf4 Rxf4 17. Nxf4 Be5 18. Qd5+ Kh8 19. e3 Bf5 20. Qf7 Bxb1 21. Rxb1 g5 22. Qh5 Bxf4 23. Qxh4 gxh4 24. exf4 Rf8 25. b5 Na5 26. Bd5 Rxf4 27. Rc1 Rd4 28. Rc3 Kg7 29. Kf1 Rd2 30. Ra3 b6 31. Rf3 Kg6 32. a4 Rd4 33. Rc3 Rd1+ 34. Ke2 Ra1 35. Kf3 h5 36. Ke4 Rxa4 37. Kd4 Ra2 38. Rf3 Re2 39. h3 Re7 40. Rf8 Nb3+ 41. Kc3 Nc5 42. Rd8 Re2 43. Rf8 Ra2 44. Rf3 Ra3+ 45. Kd4 Ne6+ 46. Ke4 Ng5+ 0-1